Modelling greenhouse gas emissions from Scottish housing (Record no. 110405)

MARC details
000 -LEADER
fixed length control field 01218cad a22002655a 4500
001 - CONTROL NUMBER
control field E149198
008 - FIXED-LENGTH DATA ELEMENTS--GENERAL INFORMATION
fixed length control field 100129s2010 xxk f s000 0 eng d
020 ## - INTERNATIONAL STANDARD BOOK NUMBER
International Standard Book Number 9780755978076
022 1# - INTERNATIONAL STANDARD SERIAL NUMBER
International Standard Serial Number 0950-2254
035 ## - SYSTEM CONTROL NUMBER
System control number (Sirsi) u149198
041 0# - LANGUAGE CODE
Language code of text/sound track or separate title eng
110 2# - MAIN ENTRY--CORPORATE NAME
Corporate name or jurisdiction name as entry element Cambridge Architectural Research Ltd.
9 (RLIN) 3494
245 00 - TITLE STATEMENT
Title Modelling greenhouse gas emissions from Scottish housing
Remainder of title manual and model
Medium [electronic resource]
260 ## - PUBLICATION, DISTRIBUTION, ETC.
Place of publication, distribution, etc. Edinburgh
Name of publisher, distributor, etc. Scottish Government Social Research
Date of publication, distribution, etc. 2010
520 ## - SUMMARY, ETC.
Summary, etc. A manual for the use of the Domestic Energy Model for Scotland (DEMScot), which shows the impact of different upgrade measures on greenhouse gas emissions from Scottish housing. See also E148600, which describes how the model works and the assumptions that underpin the model.
521 ## - TARGET AUDIENCE NOTE
Target audience note Advanced
590 ## - LOCAL NOTE (RLIN)
Local note KA
651 #4 - SUBJECT ADDED ENTRY--GEOGRAPHIC NAME
Geographic name Scotland
Chronological subdivision 1999-
690 ## - LOCAL SUBJECT ADDED ENTRY--TOPICAL TERM (OCLC, RLIN)
Topical term or geographic name as entry element ENVIRONMENTAL AND LAND CONSULTANCY-ENERGY-ENERGY USE-ENERGY EFFICIENCY
710 1# - ADDED ENTRY--CORPORATE NAME
Corporate name or jurisdiction name as entry element Cambridge Econometrics
9 (RLIN) 2154
710 1# - ADDED ENTRY--CORPORATE NAME
Corporate name or jurisdiction name as entry element Alembic Research
710 1# - ADDED ENTRY--CORPORATE NAME
Corporate name or jurisdiction name as entry element Roger Talbot & Associates Ltd
856 40 - ELECTRONIC LOCATION AND ACCESS
Uniform Resource Identifier <a href="https://www.scotland.gov.uk/Publications/2010/01/27160142/0">https://www.scotland.gov.uk/Publications/2010/01/27160142/0</a>
Public note View the publication free of charge at www.scotland.gov.uk...
942 ## - ADDED ENTRY ELEMENTS (KOHA)
Suppress in OPAC 0
Holdings
Withdrawn status Lost status Source of classification or shelving scheme Damaged status Not for loan Home library Current library Shelving location Date acquired Total Checkouts Full call number Barcode Date last seen Copy number Price effective from Koha item type
    Dewey Decimal Classification     Virtual Virtual Online 29/01/2010   ONLINE PUBLICATION 149198-2001 06/08/2019 1 06/08/2019 Book